• 首页
  • 本馆介绍
  • 公告通知
  • 最新文献
  • 馆藏检索
  • 电子资源
  • 读者导购
  • 参考咨询
  • 我的图书馆
  • 登录
  • 详细信息显示
  • 放入我的书架
  • 预约/预借图书
  • 作者相关作品
  • 分类相关作品
  • 丛书相关作品
  • 出版社相关作品

书目信息

  • 表格格式
  • 工作单格式
  • 卡片格式
题名:
鱼类的营养和饲料
    
 
作者: 荻野珍吉 著 ;陈国铭 , 黄小秋 译
分册:  
出版信息: 北京   海洋出版社  1987
页数: 428页
开本: 19cm
丛书名:
单 册:
中图分类: S963
科图分类:
主题词: 鱼类养殖-营养 , 营养-鱼类养殖 , 鱼类养殖-饵料 , 饵料-鱼类养殖
电子资源:
ISBN: 13193.0895
000 00860nam0 2200301 450
001 0187006217
005 20100712222002.0
010    @a13193.0895@dCNY4.00
091    @a13193.0895@d¥4.00
100    @a19900808d1987 em y0chiy0110 ea
101 1  @achi@cjpn
102    @aCN@b110000
105    @ay z 000yy
106    @ar
200 1  @a鱼类的营养和饲料@9Yu Lei De;Di Ying Yang He;Huo;Hu Si Liao @f(日)荻野珍吉著@g陈国铭, 黄小秋译
210    @a北京@c海洋出版社@d1987
215    @a428页@d19cm
300    @a新水产学全集14
606 0  @a鱼类养殖-营养
606 0  @a营养-鱼类养殖
606 0  @a鱼类养殖-饵料
606 0  @a饵料-鱼类养殖
690    @aS963@v3
701  0 @a荻野珍吉@9di ye zhen ji@4著
702  0 @a陈国铭@9chen guo ming@4译
702  0 @a黄小秋@9huang xiao qiu@4译
801  0 @aCN@bAzMarc@c20130904
905    @aBZT@dS963@e2@f1@sS963/2
    
    鱼类的营养和饲料/(日)荻野珍吉著/陈国铭, 黄小秋译.-北京:海洋出版社,1987
    428页;19cm
    新水产学全集14
    
    ISBN 13193.0895:CNY4.00
    
●
相关链接 在五车中查询图书 在当当中查询图书 在豆瓣中查询图书


正题名:鱼类的营养和饲料     索取号:S963/2         预约/预借

序号 登录号 条形码 馆藏地/架位号 状态 备注
1 2000151694   2000151694   旧书回溯/ [索取号:S963/2] 在馆    
山东省滨州职业学院图书馆 欢迎您!
大连网信软件有限公司© 版权所有